[Event "CP-2015-Q-00012"]
[Site "LSS email"]
[Date "2015.12.02"]
[Round "?"]
[White "Bulgarini Torre, Marco"]
[Black "Schubert, Kristian"]
[Result "1-0"]
[WhiteElo "2218"]
[BlackElo "1849"]
[PlyCount "73"]
[EventDate "2015.12.08"]
[EventType "tourn (corr)"]
[EventRounds "6"]
[EventCountry "GER"]
[SourceTitle "Corr 2022"]
[Source "ChessBase"]
[SourceDate "2021.10.24"]
[SourceVersion "1"]
[SourceVersionDate "2021.10.24"]
[SourceQuality "1"]

1. e4 e5 2. Nf3 Nf6 3. Nxe5 d6 4. Nf3 Nxe4 5. d4 d5 6. Bd3 Be7 7. Nc3 Nxc3 8. bxc3 c5 9. dxc5 0-0 10. 0-0 Bxc5 11. Re1 Nc6 12. Be3 Bxe3 13. Rxe3 Be6 14. Nd4 Re8 15. Nxe6 Rxe6 16. Rxe6 fxe6 17. Qg4 Qf6 18. Re1 e5 19. c4 Rf8 20. Qg3 d4 21. Be4 g6 22. Bd5+ Kg7 23. Bxc6 bxc6 24. Rxe5 Rf7 25. h4 Re7 26. Rxe7+ Qxe7 27. Qf4 c5 28. g3 h5 29. Kf1 Kh7 30. Qf3 Qd7 31. Qa3 Qe7 32. Qa5 Kg7 33. a4 Kf7 34. Qb5 Qc7 35. a5 Ke7 36. Qa6 Kf7 37. Kg2 1-0

[Event "LSS No Engine Cup 112 Final"]
[Site "LSS email"]
[Date "2015.04.07"]
[Round "?"]
[White "Korinek, Jaroslav"]
[Black "Schubert, Kristian"]
[Result "1/2-1/2"]
[WhiteElo "2053"]
[BlackElo "2080"]
[PlyCount "40"]
[EventDate "2015.04.08"]
[EventType "tourn (corr)"]
[EventRounds "6"]
[EventCountry "GER"]
[SourceTitle "Corr 2022"]
[Source "ChessBase"]
[SourceDate "2021.10.24"]
[SourceVersion "1"]
[SourceVersionDate "2021.10.24"]
[SourceQuality "1"]

1. d4 Nf6 2. c4 e6 3. Nc3 Bb4 4. Nf3 d5 5. Bd2 0-0 6. a3 Bxc3 7. Bxc3 dxc4 8. e3 Qd5 9. Be2 Nc6 10. 0-0 b5 11. b3 cxb3 12. Nd2 Rb8 13. Bf3 Qd6 14. Qxb3 Bb7 15. Rfc1 Rfd8 16. Qc2 a5 17. Rab1 Ba8 18. Bb2 Ne7 19. e4 Qf4 20. Rd1 Nc6 1/2-1/2

[Event "LSS No Engine Cup 114 Final"]
[Site "LSS email"]
[Date "2015.04.07"]
[Round "?"]
[White "Korinek, Jaroslav"]
[Black "Schubert, Kristian"]
[Result "0-1"]
[WhiteElo "2053"]
[BlackElo "2080"]
[PlyCount "28"]
[EventDate "2015.04.08"]
[EventType "tourn (corr)"]
[EventRounds "6"]
[EventCountry "GER"]
[SourceTitle "Corr 2022"]
[Source "ChessBase"]
[SourceDate "2021.10.24"]
[SourceVersion "1"]
[SourceVersionDate "2021.10.24"]
[SourceQuality "1"]

1. d4 Nf6 2. c4 e6 3. Nf3 d5 4. Nc3 Bb4 5. Bg5 h6 6. a3 Bxc3+ 7. bxc3 hxg5 8. Nxg5 c5 9. cxd5 Qxd5 10. Nf3 cxd4 11. cxd4 Bd7 12. g3 Nc6 13. Bg2 Qa5+ 14. Kf1 Rc8 0-1

[Event "LSS No Engine Cup 114 Final"]
[Site "LSS email"]
[Date "2015.04.07"]
[Round "?"]
[White "Schubert, Kristian"]
[Black "Callow, Chris"]
[Result "1/2-1/2"]
[WhiteElo "2080"]
[BlackElo "2107"]
[PlyCount "51"]
[EventDate "2015.04.08"]
[EventType "tourn (corr)"]
[EventRounds "6"]
[EventCountry "GER"]
[SourceTitle "Corr 2022"]
[Source "ChessBase"]
[SourceDate "2021.10.24"]
[SourceVersion "1"]
[SourceVersionDate "2021.10.24"]
[SourceQuality "1"]

1. e4 e5 2. Nf3 Nc6 3. Bb5 a6 4. Bxc6 dxc6 5. 0-0 f6 6. h3 c5 7. d3 Be6 8. Nbd2 Ne7 9. Nc4 Qd7 10. Be3 Nc6 11. Qe1 0-0-0 12. Na5 Nd4 13. Nxd4 cxd4 14. Bd2 h5 15. Bb4 Bxb4 16. Qxb4 b6 17. Nc4 Rh6 18. Kh2 a5 19. Qe1 Kb7 20. b3 a4 21. Nb2 a3 22. Nc4 Qe7 23. Qc1 Ra8 24. c3 Qd7 25. Qd2 g5 26. Rac1 1/2-1/2

[Event "CP-2014-Q-00013"]
[Site "LSS email"]
[Date "2014.12.02"]
[Round "?"]
[White "Schubert, Kristian"]
[Black "Podvoysky, Evgeny"]
[Result "1/2-1/2"]
[WhiteElo "1800"]
[BlackElo "2372"]
[PlyCount "128"]
[EventDate "2014.12.08"]
[EventType "tourn (corr)"]
[EventRounds "6"]
[EventCountry "GER"]
[SourceTitle "Corr 2022"]
[Source "ChessBase"]
[SourceDate "2021.10.24"]
[SourceVersion "1"]
[SourceVersionDate "2021.10.24"]
[SourceQuality "1"]

1. e4 e6 2. d4 b6 3. Nf3 Bb7 4. Bd3 c5 5. c3 Nf6 6. e5 Nd5 7. dxc5 Bxc5 8. 0-0 f6 9. Nbd2 f5 10. Nb3 Be7 11. Qe2 0-0 12. Rd1 Qe8 13. a4 a6 14. Nfd4 Qc8 15. Nf3 Qe8 16. Nfd4 Qc8 17. Bb1 Qc7 18. f4 Kh8 19. c4 Nb4 20. a5 N8c6 21. Nxc6 Nxc6 22. axb6 Qxb6+ 23. Qe3 Qc7 24. Qf2 Rg8 25. h4 Nb4 26. Na5 Be4 27. Bxe4 fxe4 28. Qe2 Bc5+ 29. Kh2 Nd3 30. Nb3 d6 31. Nxc5 dxc5 32. Bd2 Qb7 33. Bc3 Raf8 34. Rf1 Rf5 35. g3 h6 36. Ra3 Rgf8 37. Kg2 g5 38. hxg5 hxg5 39. Qh5+ Qh7 40. Qxh7+ Kxh7 41. Rh1+ Kg7 42. Bd2 Rb8 43. b3 Rb6 44. Rf1 gxf4 45. gxf4 Kf7 46. Rh1 Nxf4+ 47. Bxf4 Rxf4 48. Kg3 Rf3+ 49. Kg4 Rb8 50. Rh7+ Kg6 51. Rh5 Rbxb3 52. Rg5+ Kf7 53. Rxa6 Rg3+ 54. Kh4 Rxg5 55. Kxg5 Rf3 56. Ra7+ Ke8 57. Kg4 Rf5 58. Ra1 Ke7 59. Ra3 Kf7 60. Rb3 Rxe5 61. Kf4 Kf6 62. Ke3 Rh5 63. Rb5 Ke7 64. Rb6 Kd7 1/2-1/2

[Event "CP-2014-Q-00013"]
[Site "LSS email"]
[Date "2014.12.02"]
[Round "?"]
[White "Schubert, Kristian"]
[Black "Vorobjev, Albert"]
[Result "1/2-1/2"]
[WhiteElo "1800"]
[BlackElo "2069"]
[PlyCount "46"]
[EventDate "2014.12.08"]
[EventType "tourn (corr)"]
[EventRounds "6"]
[EventCountry "GER"]
[SourceTitle "Corr 2022"]
[Source "ChessBase"]
[SourceDate "2021.10.24"]
[SourceVersion "1"]
[SourceVersionDate "2021.10.24"]
[SourceQuality "1"]

1. e4 e6 2. d4 d5 3. e5 c5 4. c3 Qb6 5. Nf3 Nc6 6. Be2 cxd4 7. cxd4 Nh6 8. Nc3 Nf5 9. Na4 Qa5+ 10. Nc3 Qb6 11. Na4 Bb4+ 12. Kf1 Qd8 13. g4 Nh4 14. Bg5 Be7 15. Bxh4 Bxh4 16. Bb5 Bd7 17. Nc5 Be7 18. Nxd7 Qxd7 19. Kg2 h5 20. h3 Rc8 21. Rc1 a6 22. Bxc6 bxc6 23. Re1 c5 1/2-1/2

[Event "WC-2014-S-00006"]
[Site "LSS email"]
[Date "2014.10.12"]
[Round "?"]
[White "Schubert, Kristian"]
[Black "Gyimesi, Jeno"]
[Result "1/2-1/2"]
[WhiteElo "1785"]
[BlackElo "1973"]
[PlyCount "59"]
[EventDate "2014.10.15"]
[EventType "tourn (corr)"]
[EventRounds "12"]
[EventCountry "GER"]
[SourceTitle "Corr 2024"]
[Source "ChessBase"]
[SourceDate "2023.10.19"]
[SourceVersion "1"]
[SourceVersionDate "2023.10.19"]
[SourceQuality "1"]

1. e4 e5 2. Nf3 Nc6 3. Bb5 a6 4. Bxc6 dxc6 5. 0-0 Bg4 6. d3 Bd6 7. Nbd2 Ne7 8. h3 Be6 9. Ng5 Bd7 10. Nc4 f6 11. Nf3 Be6 12. Be3 0-0 13. Qd2 c5 14. Nxd6 cxd6 15. b4 b6 16. Rfb1 Qc7 17. c4 Nc6 18. a3 f5 19. Ng5 Bd7 20. exf5 Bxf5 21. Rb2 Nd4 22. Re1 Rae8 23. f3 Rf6 24. bxc5 dxc5 25. Bxd4 cxd4 26. a4 Ref8 27. Qe2 Rg6 28. h4 h6 29. Ne4 Bd7 30. h5 1/2-1/2

[Event "WC-2014-S-00006"]
[Site "LSS email"]
[Date "2014.10.12"]
[Round "?"]
[White "Schubert, Kristian"]
[Black "Mujica, Hector"]
[Result "1/2-1/2"]
[WhiteElo "1785"]
[BlackElo "1872"]
[PlyCount "39"]
[EventDate "2014.10.15"]
[EventType "tourn (corr)"]
[EventRounds "12"]
[EventCountry "GER"]
[SourceTitle "Corr 2024"]
[Source "ChessBase"]
[SourceDate "2023.10.19"]
[SourceVersion "1"]
[SourceVersionDate "2023.10.19"]
[SourceQuality "1"]

1. e4 e5 2. Nf3 Nc6 3. Bb5 a6 4. Bxc6 dxc6 5. 0-0 f6 6. d4 exd4 7. Nxd4 c5 8. Ne2 Qxd1 9. Rxd1 Bd7 10. Be3 0-0-0 11. Nbc3 Bd6 12. Bf4 Be6 13. Bxd6 Rxd6 14. Nf4 Bf7 15. Rxd6 cxd6 16. Nfd5 Kd7 17. Rd1 Bxd5 18. Nxd5 Nh6 19. Nb6+ Kc6 20. Nd5 1/2-1/2

[Event "CP-2014-P-00047"]
[Site "LSS email"]
[Date "2014.09.30"]
[Round "?"]
[White "Schubert, Kristian"]
[Black "Semenov, Zhenya"]
[Result "1-0"]
[WhiteElo "1785"]
[BlackElo "986"]
[PlyCount "55"]
[EventDate "2014.10.01"]
[EventType "tourn (corr)"]
[EventRounds "6"]
[EventCountry "GER"]
[SourceTitle "Corr 2022"]
[Source "ChessBase"]
[SourceDate "2021.10.24"]
[SourceVersion "1"]
[SourceVersionDate "2021.10.24"]
[SourceQuality "1"]

1. e4 c5 2. Nf3 Nc6 3. d4 cxd4 4. Nxd4 Nf6 5. Nc3 e5 6. Ndb5 d6 7. Bg5 a6 8. Na3 b5 9. Bxf6 gxf6 10. Nd5 Be6 11. c3 Bg7 12. Nc2 Ne7 13. Nce3 0-0 14. Bd3 Rb8 15. 0-0 Kh8 16. Qf3 Ng6 17. a4 Nh4 18. Qh5 Ng6 19. axb5 axb5 20. Ra7 Re8 21. Rfa1 Qc8 22. Nf5 Rd8 23. Qf3 Bxf5 24. exf5 Nf8 25. Ne7 Qc5 26. Nc6 d5 27. Nxb8 Rxb8 28. Qh5 1-0

[Event "CP-2014-P-00047"]
[Site "LSS email"]
[Date "2014.09.30"]
[Round "?"]
[White "Schubert, Kristian"]
[Black "Vasilyev, Eugene"]
[Result "1/2-1/2"]
[WhiteElo "1785"]
[BlackElo "2149"]
[PlyCount "39"]
[EventDate "2014.10.01"]
[EventType "tourn (corr)"]
[EventRounds "6"]
[EventCountry "GER"]
[SourceTitle "Corr 2022"]
[Source "ChessBase"]
[SourceDate "2021.10.24"]
[SourceVersion "1"]
[SourceVersionDate "2021.10.24"]
[SourceQuality "1"]

1. e4 c5 2. Nf3 d6 3. d4 cxd4 4. Nxd4 Nf6 5. Nc3 a6 6. Be2 e5 7. Nb3 Be7 8. Qd3 0-0 9. 0-0 Be6 10. Nd5 Nxd5 11. exd5 Bc8 12. Bd2 Nd7 13. Rac1 a5 14. a4 b6 15. Qf3 f5 16. Bb5 Ba6 17. Bxa6 Rxa6 18. Qh3 Ra8 19. c4 Rc8 20. f4 1/2-1/2

[Event "LSS No Engine Cup 100 Final"]
[Site "LSS email"]
[Date "2014.07.30"]
[Round "?"]
[White "Husemann, Andreas"]
[Black "Schubert, Kristian"]
[Result "1/2-1/2"]
[WhiteElo "2281"]
[BlackElo "2022"]
[PlyCount "55"]
[EventDate "2014.07.31"]
[EventType "tourn (corr)"]
[EventRounds "6"]
[EventCountry "GER"]
[SourceTitle "Corr 2022"]
[Source "ChessBase"]
[SourceDate "2021.10.24"]
[SourceVersion "1"]
[SourceVersionDate "2021.10.24"]
[SourceQuality "1"]

1. d4 Nf6 2. c4 e6 3. Nc3 Bb4 4. a3 Bxc3+ 5. bxc3 0-0 6. f3 d6 7. e4 Nc6 8. Bd3 b6 9. f4 e5 10. Nf3 Bg4 11. Be3 exf4 12. Bxf4 Nxe4 13. Bxe4 Re8 14. Qe2 d5 15. cxd5 f5 16. Qc4 Na5 17. Qxc7 Qxd5 18. Be5 Qxe4+ 19. Kf2 Qb7 20. Qxb7 Nxb7 21. Rae1 Rac8 22. Bf4 Bxf3 23. Rxe8+ Rxe8 24. Kxf3 Na5 25. Rc1 Kf7 26. c4 Re4 27. Be3 Nc6 28. Rd1 1/2-1/2

[Event "LSS No Engine Cup 100 Final"]
[Site "LSS email"]
[Date "2014.07.30"]
[Round "?"]
[White "Nowak, Andrzej"]
[Black "Schubert, Kristian"]
[Result "0-1"]
[WhiteElo "1845"]
[BlackElo "2022"]
[PlyCount "66"]
[EventDate "2014.07.31"]
[EventType "tourn (corr)"]
[EventRounds "6"]
[EventCountry "GER"]
[SourceTitle "Corr 2022"]
[Source "ChessBase"]
[SourceDate "2021.10.24"]
[SourceVersion "1"]
[SourceVersionDate "2021.10.24"]
[SourceQuality "1"]

1. f4 d5 2. Nf3 e6 3. e3 Nf6 4. b3 Bd6 5. Bb2 Nc6 6. Bb5 Bd7 7. 0-0 0-0 8. Bxc6 Bxc6 9. Ne5 Be8 10. d3 Qe7 11. Nd2 Nd7 12. Qg4 f6 13. Nxd7 Bxd7 14. e4 dxe4 15. dxe4 Bb4 16. c3 Bc5+ 17. Kh1 Bb5 18. c4 Bc6 19. e5 f5 20. Qg3 Rad8 21. Nf3 Rd3 22. Rad1 Qd7 23. Qe1 Bxf3 24. gxf3 Rd8 25. Rxd3 Qxd3 26. Bc3 b6 27. b4 Be3 28. Bb2 Qxc4 29. a3 Bxf4 30. Rg1 Rd2 31. Rg2 Qc2 32. Rxd2 Bxd2 33. Qa1 Bf4 0-1

[Event "LSS No Engine Cup 100 Final"]
[Site "LSS email"]
[Date "2014.07.30"]
[Round "?"]
[White "Schubert, Kristian"]
[Black "Pech, Jaroslav Sr"]
[Result "1-0"]
[WhiteElo "2022"]
[BlackElo "1831"]
[PlyCount "63"]
[EventDate "2014.07.31"]
[EventType "tourn (corr)"]
[EventRounds "6"]
[EventCountry "GER"]
[SourceTitle "Corr 2022"]
[Source "ChessBase"]
[SourceDate "2021.10.24"]
[SourceVersion "1"]
[SourceVersionDate "2021.10.24"]
[SourceQuality "1"]

1. e4 c5 2. Nf3 d6 3. d4 cxd4 4. Nxd4 Nf6 5. Nc3 a6 6. Be2 e5 7. Nb3 Be7 8. Qd3 0-0 9. 0-0 Be6 10. Nd5 Bxd5 11. exd5 Nbd7 12. Be3 a5 13. c4 a4 14. Nd2 Qa5 15. Qa3 Rfc8 16. Rfe1 Qd8 17. Rad1 Nc5 18. Nb1 Nfd7 19. Bg4 g6 20. Bxd7 Nxd7 21. Qb4 f5 22. f3 Nc5 23. Na3 f4 24. Bxc5 Rxc5 25. Re4 Qd7 26. Nb5 Ra6 27. Rf1 Bd8 28. Kh1 Kg7 29. Rd1 Rc8 30. Rd3 Kh6 31. Rd1 Kg7 32. Re2 1-0

[Event "LSS No Engine Cup 114 Preliminary 0"]
[Site "LSS email"]
[Date "2014.07.18"]
[Round "?"]
[White "Schubert, Kristian"]
[Black "Guaimare Rodriguez, Carlos Luis"]
[Result "1-0"]
[WhiteElo "2022"]
[BlackElo "1333"]
[PlyCount "21"]
[EventDate "2014.07.19"]
[EventType "tourn (corr)"]
[EventRounds "6"]
[EventCountry "GER"]
[SourceTitle "Corr 2022"]
[Source "ChessBase"]
[SourceDate "2021.10.24"]
[SourceVersion "1"]
[SourceVersionDate "2021.10.24"]
[SourceQuality "1"]

1. e4 e5 2. Nf3 Nc6 3. Bb5 a6 4. Bxc6 dxc6 5. 0-0 Bg4 6. h3 h5 7. d3 Qf6 8. Nbd2 0-0-0 9. hxg4 hxg4 10. Nh2 Qh4 11. Qxg4+ 1-0

[Event "LSS No Engine Cup 114 Preliminary 0"]
[Site "LSS email"]
[Date "2014.07.18"]
[Round "?"]
[White "Schubert, Kristian"]
[Black "Navarro Segura, Roberto"]
[Result "1-0"]
[WhiteElo "2022"]
[BlackElo "1392"]
[PlyCount "21"]
[EventDate "2014.07.19"]
[EventType "tourn (corr)"]
[EventRounds "6"]
[EventCountry "GER"]
[SourceTitle "Corr 2022"]
[Source "ChessBase"]
[SourceDate "2021.10.24"]
[SourceVersion "1"]
[SourceVersionDate "2021.10.24"]
[SourceQuality "1"]

1. e4 c6 2. d4 d5 3. e5 c5 4. c3 Nc6 5. Nf3 Bg4 6. dxc5 e6 7. b4 Nge7 8. Nbd2 Nxe5 9. Qa4+ Qd7 10. Bb5 N5c6 11. Ne5 1-0

[Event "LSS No Engine Cup 100 Preliminary 0"]
[Site "LSS email"]
[Date "2013.12.13"]
[Round "?"]
[White "Garcia, Javier"]
[Black "Schubert, Kristian"]
[Result "0-1"]
[WhiteElo "967"]
[BlackElo "2008"]
[PlyCount "50"]
[EventDate "2013.12.14"]
[EventType "tourn (corr)"]
[EventRounds "6"]
[EventCountry "GER"]
[SourceTitle "Corr 2022"]
[Source "ChessBase"]
[SourceDate "2021.10.24"]
[SourceVersion "1"]
[SourceVersionDate "2021.10.24"]
[SourceQuality "1"]

1. d4 Nf6 2. c4 e6 3. Nc3 Bb4 4. Bg5 0-0 5. a3 Bxc3+ 6. bxc3 h6 7. Bh4 d6 8. Nf3 Nc6 9. e4 g5 10. Bg3 Nxe4 11. Qc2 f5 12. h3 Nxg3 13. fxg3 e5 14. d5 Na5 15. Qa4 c5 16. Be2 e4 17. Nd2 Bd7 18. Qc2 Qe8 19. 0-0 e3 20. Nb3 Ba4 21. Rxf5 Nxb3 22. Rxf8+ Qxf8 23. Qg6+ Qg7 24. Qxg7+ Kxg7 25. Rf1 Nd2 0-1

[Event "CP-2013-P-00010"]
[Site "LSS email"]
[Date "2013.09.30"]
[Round "?"]
[White "Bauer, Rudolf"]
[Black "Schubert, Kristian"]
[Result "1/2-1/2"]
[WhiteElo "1725"]
[BlackElo "1879"]
[PlyCount "45"]
[EventDate "2013.10.01"]
[EventType "tourn (corr)"]
[EventRounds "6"]
[EventCountry "GER"]
[SourceTitle "Corr 2015"]
[Source "ChessBase"]
[SourceDate "2015.07.17"]
[SourceVersion "1"]
[SourceVersionDate "2015.07.17"]
[SourceQuality "1"]

1. e4 e5 2. Nf3 Nf6 3. Nxe5 d6 4. Nf3 Nxe4 5. d4 d5 6. Bd3 Be7 7. 0-0 Nc6 8. Nc3 f5 9. Bf4 0-0 10. Ne5 Nxe5 11. Bxe5 Bd6 12. Bxd6 Qxd6 13. Qe1 Re8 14. f3 Nf6 15. Qg3 Qxg3 16. hxg3 Bd7 17. Rae1 Rxe1 18. Rxe1 c6 19. Kf2 Kf7 20. Re5 Re8 21. Ne2 b6 22. b4 g6 23. Nf4 1/2-1/2

[Event "CP-2013-P-00010"]
[Site "LSS email"]
[Date "2013.09.30"]
[Round "?"]
[White "Korchut, Adam"]
[Black "Schubert, Kristian"]
[Result "1/2-1/2"]
[WhiteElo "1792"]
[BlackElo "1879"]
[PlyCount "112"]
[EventDate "2013.10.01"]
[EventType "tourn (corr)"]
[EventRounds "6"]
[EventCountry "GER"]
[SourceTitle "Corr 2015"]
[Source "ChessBase"]
[SourceDate "2015.07.17"]
[SourceVersion "1"]
[SourceVersionDate "2015.07.17"]
[SourceQuality "1"]

1. d4 Nf6 2. c4 e6 3. Nf3 d5 4. Nc3 Be7 5. cxd5 exd5 6. Bg5 h6 7. Bh4 0-0 8. e3 Be6 9. Be2 Nbd7 10. 0-0 c6 11. Qc2 Bd6 12. Bd3 Re8 13. Rfe1 Rc8 14. e4 dxe4 15. Nxe4 Be7 16. Bxf6 Nxf6 17. Nc5 Bxc5 18. dxc5 Rc7 19. Qc3 Rce7 20. Bc2 Bd5 21. Rxe7 Rxe7 22. Rd1 Qc7 23. g3 Qc8 24. Nd4 Qh3 25. f3 g6 26. Qd2 Qh5 27. Qc3 Nd7 28. a4 Qg5 29. Rd3 Qc1+ 30. Rd1 Qe3+ 31. Qxe3 Rxe3 32. Kf2 Re5 33. b4 a5 34. bxa5 Nxc5 35. Rc1 Ba2 36. f4 Rd5 37. Ke3 Kg7 38. Ra1 Bc4 39. Rc1 Ba6 40. Rd1 Rd7 41. Rc1 Re7+ 42. Kf3 Nd7 43. Bb3 Nf6 44. Rd1 Kg8 45. g4 Kg7 46. h3 Re8 47. h4 Kg8 48. g5 hxg5 49. hxg5 Ne4 50. f5 Kg7 51. Kf4 Nc5 52. Ba2 Nd3+ 53. Kf3 Nb4 54. Bb1 Nd5 55. fxg6 fxg6 56. Ba2 Nc3 1/2-1/2

[Event "WC-2013-F-00008"]
[Site "LSS email"]
[Date "2013.07.24"]
[Round "?"]
[White "Schubert, Kristian"]
[Black "Laine, Jari"]
[Result "1/2-1/2"]
[WhiteElo "1879"]
[BlackElo "1961"]
[PlyCount "42"]
[EventDate "2013.08.01"]
[EventType "tourn (corr)"]
[EventRounds "12"]
[EventCountry "GER"]
[SourceTitle "Corr 2015"]
[Source "ChessBase"]
[SourceDate "2015.07.17"]
[SourceVersion "1"]
[SourceVersionDate "2015.07.17"]
[SourceQuality "1"]

1. e4 e5 2. Nf3 Nc6 3. Bb5 a6 4. Bxc6 bxc6 5. 0-0 d6 6. d4 exd4 7. Qxd4 Ne7 8. Nc3 Ng6 9. Bg5 f6 10. Be3 Be6 11. Qa4 Bd7 12. Rab1 a5 13. Qc4 Qe7 14. Qb3 Qd8 15. a3 Qc8 16. Qc4 a4 17. Rbe1 Be7 18. Nd4 Ne5 19. Qa2 Nf7 20. Qc4 Ne5 21. Qa2 Nf7 1/2-1/2

[Event "WC-2013-F-00008"]
[Site "LSS email"]
[Date "2013.07.24"]
[Round "?"]
[White "Schubert, Kristian"]
[Black "Pott, Brian"]
[Result "1-0"]
[WhiteElo "1879"]
[BlackElo "1793"]
[PlyCount "73"]
[EventDate "2013.08.01"]
[EventType "tourn (corr)"]
[EventRounds "12"]
[EventCountry "GER"]
[SourceTitle "Corr 2015"]
[Source "ChessBase"]
[SourceDate "2015.07.17"]
[SourceVersion "1"]
[SourceVersionDate "2015.07.17"]
[SourceQuality "1"]

1. e4 e5 2. Nf3 Nc6 3. Bb5 a6 4. Bxc6 dxc6 5. 0-0 f6 6. d4 Bg4 7. c3 Bd6 8. h3 Bh5 9. Nbd2 Nh6 10. Qb3 Rb8 11. Nc4 Bxf3 12. Bxh6 gxh6 13. gxf3 Qd7 14. Nxd6+ cxd6 15. Kh2 Kd8 16. Qa3 Rg8 17. Rg1 Rg5 18. Rad1 Qe7 19. Rg3 exd4 20. cxd4 d5 21. Qe3 Kc7 22. h4 Rxg3 23. fxg3 Re8 24. Re1 Qb4 25. Re2 h5 26. e5 fxe5 27. dxe5 Qf8 28. Qd3 Qg7 29. f4 Re6 30. Kg2 h6 31. Qf5 Qg4 32. Qf7+ Kb8 33. Re3 d4 34. Rf3 Kc8 35. Qf8+ Kc7 36. Qb4 Qf5 37. Qxd4 1-0

[Event "WC-2013-F-00008"]
[Site "LSS email"]
[Date "2013.07.24"]
[Round "?"]
[White "Schubert, Kristian"]
[Black "Tsirakovsky, Sergey"]
[Result "1/2-1/2"]
[WhiteElo "1879"]
[BlackElo "1784"]
[PlyCount "39"]
[EventDate "2013.08.01"]
[EventType "tourn (corr)"]
[EventRounds "12"]
[EventCountry "GER"]
[SourceTitle "Corr 2015"]
[Source "ChessBase"]
[SourceDate "2015.07.17"]
[SourceVersion "1"]
[SourceVersionDate "2015.07.17"]
[SourceQuality "1"]

1. e4 e5 2. Nf3 Nc6 3. Bb5 Nf6 4. 0-0 Nxe4 5. d4 Nd6 6. Bxc6 dxc6 7. dxe5 Nf5 8. Qxd8+ Kxd8 9. Nc3 Ke8 10. Ne2 b6 11. b3 Bb7 12. Bb2 c5 13. Rfd1 Be7 14. Nc3 Bxf3 15. gxf3 Nd4 16. Nd5 Ne6 17. Kg2 Bh4 18. a4 Rd8 19. Kf1 Bg5 20. a5 1/2-1/2